| 000 | 01828cam a22005054i 4500 | ||
|---|---|---|---|
| 003 | PE-LiUPU | ||
| 005 | 20250731165633.0 | ||
| 008 | 150616s r 000 0 d | ||
| 020 | _a1565630211 | ||
| 035 | _a(Sirsi) i9781565630215 | ||
| 040 |
_aPE-LiUPU _bspa _cPE-LiUPU _erda |
||
| 049 | _aPRUA | ||
| 082 | 0 | 4 |
_a225.077 _bB _221 |
| 100 | 1 |
_aBarrett, C. K., _eautor. |
|
| 245 | 1 | 4 |
_aThe second epistle to the Corinthians.VIII / _cC. K. Barrett. |
| 264 | 1 |
_aMassachusetts : _bHendrickson Publishers, _c1973. |
|
| 300 |
_a365 páginas ; _c22 centímetros |
||
| 336 |
_atext _2rdacontent |
||
| 337 |
_aunmediated _2rdamedia |
||
| 338 |
_avolume _2rdacarrier |
||
| 490 | 0 |
_aBlack's New Testament Commentary ; _v8 |
|
| 505 | 0 | _aI Corinth after 1 Corinthians -- Special problems -- Theology at Corinth -- Analysis of The Epistle -- Traslation and commentary. | |
| 526 | _aSEG44 | ||
| 526 | _aSEG26 | ||
| 526 | _aP151 | ||
| 526 | _aP150 | ||
| 526 | _aP149 | ||
| 526 | _aP146 | ||
| 526 | _aP145 | ||
| 526 | _aP126 | ||
| 526 | _aP125 | ||
| 526 | _aP92 | ||
| 526 | _aP75 | ||
| 526 | _aP74 | ||
| 526 | _aP27 | ||
| 526 | _aP15 | ||
| 630 |
_aBiblia. _pN.T. _pCorintios I _xComentarios. |
||
| 910 |
_ajck _bjvq _cjck |
||
| 942 |
_2ddc _cBOOK |
||
| 949 |
_aRC 225.077 B VIII _wDEWEY _c1 _i40010 _lCCODEBUL1 _mBUL _r0 _sY _tBOOK _u2015-6-16 _xTEOLOGIA _zUNKNOWN _0COMPRA _o.CIRCNOTE. No olvidar cambiar la fecha de devolución!!!!!!! _o.STAFF. Colección General |
||
| 994 |
_aC0 _bPEPRU |
||
| 596 | _a1 | ||
| 999 |
_aRC 225.077 B VIII _wDEWEY _c57789 _i40010 _f2021-11-8 _g6 _lCCODEBUL1 _mBUL _r1 _sY _tBOOK _u2015-6-16 _xTEOLOGIA _zUNKNOWN _0COMPRA _o.CIRCNOTE. No olvidar cambiar la fecha de devolución!!!!!!! _o.STAFF. Colección General _d57789 |
||
| 980 |
_81 _gALBERTO SANCHEZ Responsable de Automatización |
||